Global media journal

Enregistré dans:
Détails bibliographiques
Format: Publication en série
Langue:slovaque
Publié: Bratislava Fakulta masmédií Paneurópskej vysokej školy 2015
Sujets:
Tags: Ajouter un tag
Pas de tags, Soyez le premier à ajouter un tag!

MARC

LEADER 00000nas2a2200000 4500
001 0261975
005 20200131072837.5
022 |a 1339-5246 
041 0 |a slo 
044 |a SK 
245 1 0 |a Global media journal 
264 1 |a Bratislava  |b Fakulta masmédií Paneurópskej vysokej školy  |c 2015 
500 |a Chýba č. 2 
773 0 |w eu_un_cat*0168038 
610 2 0 |a komunikácia masmediálna 
610 2 0 |a médiá 
610 2 0 |a generácie 
610 2 0 |a propagácia 
610 2 0 |a etika